En defensa de la humanidad: ante la amenaza de un holocausto nuclear en Medio Oriente /
Uloženo v:
| Hlavní autor: | |
|---|---|
| Médium: | Text |
| Témata: | |
| Tagy: |
Přidat tag
Žádné tagy, Buďte první, kdo vytvoří štítek k tomuto záznamu!
|
MARC
| LEADER | 00000 a a2200000 04500 | ||
|---|---|---|---|
| 001 | 11835 | ||
| 003 | |||
| 040 | |||
| 100 | |a Dierckxsens, Wim | ||
| 245 | |a En defensa de la humanidad: ante la amenaza de un holocausto nuclear en Medio Oriente / |c Gabriela Miranda García | ||
| 650 | |a GUERRA | ||
| 650 | |a GUERRA NUCLEAR | ||
| 650 | |a ESTADOS UNIDOS | ||
| 650 | |a IRAN | ||
| 773 | |g número 123; páginas 5-10 | ||
| 999 | |c 19806 |d 19806 | ||
